| Tag |
First Indicator |
Second Indicator |
Subfields |
| LEADER |
00000pam a2200000 a 4500 |
| 001 |
in00000075163 |
| 005 |
20151008060339.0 |
| 008 |
800926s1981 enk b 00110 engm |
| 010 |
|
|
|a 80024167
|
| 020 |
|
|
|a 0521238072
|
| 035 |
|
|
|a (OCoLC)06861448
|
| 035 |
|
|
|9 AAJ5566AM
|
| 040 |
|
|
|a DLC
|c DLC
|d m.c.
|d TXA
|d UtOrBLW
|
| 043 |
|
|
|a n-us-ny
|
| 049 |
|
|
|a TXAM
|c [1196462]
|
| 050 |
0 |
0 |
|a HJ605
|b .M33
|
| 082 |
0 |
|
|a 336.747
|2 19
|
| 100 |
1 |
|
|a McClelland, Peter D.
|
| 245 |
1 |
0 |
|a Crisis in the making, the political economy of New York State since 1945 /
|c Peter D. McClelland, Alan L. Magdovitz.
|
| 264 |
|
1 |
|a Cambridge, [Cambridgeshire] ;
|a New York :
|b Cambridge University Press,
|c 1981.
|
| 300 |
|
|
|a xvi, 522 pages ;
|c 24 cm.
|
| 336 |
|
|
|a text
|b txt
|2 rdacontent
|
| 337 |
|
|
|a unmediated
|b n
|2 rdamedia
|
| 338 |
|
|
|a volume
|b nc
|2 rdacarrier
|
| 490 |
1 |
|
|a Studies in economic history and policy
|
| 500 |
|
|
|a Includes index.
|
| 504 |
|
|
|a Bibliography: pages 492-511.
|
| 650 |
|
0 |
|a Finance, Public
|z New York (State)
|
| 651 |
|
0 |
|a New York (State)
|x Economic conditions.
|
| 651 |
|
0 |
|a New York (State)
|x Economic policy.
|
| 700 |
1 |
|
|a Magdovitz, Alan L.
|
| 830 |
|
0 |
|a Studies in economic history and policy.
|
| 999 |
|
|
|a MARS
|
| 999 |
f |
f |
|s bd0678c2-41cb-34ba-bbad-3e56972ae209
|i fdb00d48-1798-3074-9b0d-082986ae897e
|t 0
|
| 952 |
f |
f |
|p ric
|a Texas A&M University
|b Rellis Campus
|c Joint Library Facility
|d Remote Storage
|t 0
|e HJ605 .M33
|h Library of Congress classification
|i unmediated -- volume
|m A14806138214
|
| 998 |
f |
f |
|a HJ605 .M33
|t 0
|l Remote Storage
|